000 00538nam a22002177a 4500
003 DO-SdBNP
005 20151116113505.0
008 151116b 1968 sp xxu||||| |||| 00| 0 spa d
040 _aBPMSU
_bspa
_cBPMSU
092 _axxxxx
_bxxxxx
245 0 0 _aLa diligencia sitiada.
260 _aBarcelona :
_bBruguera,
_c1968.
300 _a192 p. :
_bil. ;
_c20 cm.
490 1 _aHeroes
490 1 _aBonanza
_v1
830 0 _aHeroes
830 _aBonanza ;
_n1
910 _a00260
942 _2ddc
_cBK
956 _aLorenza Pérez
_b10
999 _c8724
_d8724